Sufi objeler : (Record no. 200044215)

MARC details
000 -LEADER
fixed length control field 00703 a2200241 4500
001 - CONTROL NUMBER
control field 200044215
003 - CONTROL NUMBER IDENTIFIER
control field TR-AnTOB
005 - DATE AND TIME OF LATEST TRANSACTION
control field 20260312110559.0
008 - FIXED-LENGTH DATA ELEMENTS--GENERAL INFORMATION
fixed length control field 120221b2011 tu 000 0
040 ## - CATALOGING SOURCE
Original cataloging agency TR-AnTOB
Language of cataloging eng
Description conventions rda
Transcribing agency TR-AnTOB
041 ## - LANGUAGE CODE
Language code of text/sound track or separate title Türkçe
050 ## - LIBRARY OF CONGRESS CALL NUMBER
Classification number BP189.2.
Item number S83 2011
090 ## - LOCALLY ASSIGNED LC-TYPE CALL NUMBER (OCLC); LOCAL CALL NUMBER (RLIN)
Classification number (OCLC) (R) ; Classification number, CALL (RLIN) (NR) BP189.2. S83 2011
245 #0 - TITLE STATEMENT
Title Sufi objeler :
Remainder of title halk resimleri ve günümüz çağdaş sanat eserleri
Statement of responsibility, etc. kuratör: Erkan Doğanay.
264 #1 - PRODUCTION, PUBLICATION, DISTRIBUTION, MANUFACTURE, AND COPYRIGHT NOTICE
Place of production, publication, distribution, manufacture Istanbul :
Name of producer, publisher, distributor, manufacturer Küçük çekmece belediyesi,
Date of production, publication, distribution, manufacture, or copyright notice 2011.
300 ## - PHYSICAL DESCRIPTION
Extent 306 pages :
Dimensions 25cm.
336 ## - CONTENT TYPE
Content type term text
Source rdacontent
337 ## - MEDIA TYPE
Media type term unmediated
Source rdamedia
338 ## - CARRIER TYPE
Carrier type term volume
Source rdacarrier
650 #0 - SUBJECT ADDED ENTRY--TOPICAL TERM
Topical term or geographic name entry element Tasavvuf
9 (RLIN) 13466
942 ## - ADDED ENTRY ELEMENTS (KOHA)
Koha item type Book
Source of classification or shelving scheme Library of Congress Classification
Holdings
Withdrawn status Lost status Source of classification or shelving scheme Not for loan Collection code Home library Current library Shelving location Date acquired Source of acquisition Total Checkouts Total Holds Full call number Barcode Copy number Date shelved Koha item type Damaged status Date last seen Public note
    Library of Congress Classification Ödünç Verilebilir / Available Genel Koleksiyon Merkez Kütüphane Merkez Kütüphane Genel Koleksiyon / Main Collection 11/01/2012 Bağış / Donation     BP189.2 .S83 2011 0038697 1 11/01/2012 Book      
    Library of Congress Classification Ödünç Verilebilir / Available Genel Koleksiyon Merkez Kütüphane Merkez Kütüphane Genel Koleksiyon / Main Collection 05/10/2018 TOBB Bağış / TOBB Donation     BP189.2 .S83 2011 c.2 0058520 2 22/11/2018 Book Yeni / New 18/11/2018 Donated by TOBB
Devinim Yazılım Eğitim Danışmanlık tarafından Koha'nın orjinal sürümü uyarlanarak geliştirilip kurulmuştur.